000 00844nam0a22002651 4500
001 RU\NLR\INFOCOMM_46\5000718335
005 20250613095520.0
035 _a(NLR Aleph) 009297079
090 _a9255856
_c9255856
100 _a20101011d1965 |||y0rusy50 ca
101 1 _aspa
_crus
102 _aRU
105 _aa ||||000|y
200 1 _aVuelo a la libertad
_fG. Evstigneiev
_g[Trad. del ruso por M. Casanovas]
210 _aΜ.
_c"Progreso"
_d1965
215 _a98 с.
_cил.
_d20 см
300 _aНа 4-й с. обл.: Г. Евстигнеев. Полет на свободу
686 _aИр4752
_2rubbk
700 1 _9z01790
_aEvstigneev
_bG. V.
_gGeorgij Vasil'evič
_4070
790 1 _9z01700
_aEvstigneiev
_bG.
_4070
801 1 _aRU
_bNLR
_c20101011
801 0 _aRU
_bNLR
_gPSBO
852 _aNLR
_jИр51 Г-4/570
942 _cBOOK
980 _aNB